000
00197nam a2200085Ia 4500
008
240331s9999 xx 000 0 und d
082
_b
LIF
245
0
_a
lifco thamil thamil angilam agarathi
942
_c
L
999
_c
3246
_d
3246